| 000 | 00816nam a2200217 i 4500 | ||
|---|---|---|---|
| 001 | 33543 | ||
| 003 | ES-MaACL | ||
| 005 | 20250817205857.0 | ||
| 007 | t| | ||
| 008 | 030202s1967 sp ||||1| spa d | ||
| 130 | 0 |
_aBiblia. _pA.T. Jeremías. _lEspañol. _9119264 |
|
| 245 | 1 | 0 |
_aJeremías / _ctraducción de Luis Alonso Schökel, Juan Mateos y José Mª Valverde ; introducciones y notas de Luis Alonso Schökel ; revisión exegética de Ernesto Vogt. |
| 260 |
_aMadrid : _bCristiandad, _c[1967] |
||
| 300 |
_a236 p. ; _c19 cm. |
||
| 700 | 1 |
_aAlonso Schökel, Luis. _9181472 |
|
| 700 | 1 |
_aValverde, José María, _d1926-1996 _9113013 |
|
| 700 | 1 |
_aVogt, Ernest, _d1903-1984 _9115663 |
|
| 700 | 1 |
_aMateos, Juan ( _d1917-2003) _9152355 |
|
| 852 |
_aES-MaACL _jC-31966 _bR.62662 |
||
| 999 |
_c33543 _d33543 |
||